[Event "DVM 2008 U20"]
[Site "Arendsee"]
[Date "2008.12.28"]
[Round "4.2"]
[White "Heyden, Jonas"]
[Black "Geshnizjani, Ramin Tobias"]
[Result "1/2-1/2"]
[WhiteElo "2027"]
[BlackElo "2041"]
[PlyCount "70"]
[EventDate "2008.??.??"]
[WhiteTeam "SF Brackel 1930"]
[BlackTeam "Heilbronner SV"]

1. e4 c6 2. d4 d5 3. f3 e5 4. dxe5 Bc5 5. Nc3 Qb6 6. Na4 Qa5+ 7. c3 Bxg1 8.
Rxg1 dxe4 9. f4 Nh6 10. b4 Qd5 11. Qxd5 cxd5 12. h3 Nf5 13. g4 Nh4 14. Kf2 g5
15. Kg3 Nf3 16. Bb5+ Nc6 17. Rd1 gxf4+ 18. Bxf4 Be6 19. Nc5 O-O-O 20. Bxc6 bxc6
21. Rab1 h5 22. g5 h4+ 23. Kf2 Rhg8 24. b5 cxb5 25. Rxb5 Nxg5 26. Bxg5 Rxg5 27.
Rdb1 Rdg8 28. Na6 Rg2+ 29. Ke3 R2g3+ 30. Kd4 Rd3+ 31. Kc5 Rxc3+ 32. Kd6 Rd8+
33. Ke7 Rd7+ 34. Ke8 Rd8+ 35. Ke7 Rd7+ 1/2-1/2

[Event "DVM 2008 U20"]
[Site "Arendsee"]
[Date "2008.12.28"]
[Round "4.3"]
[White "Häusinger, Benjamin"]
[Black "Zemella, Christian"]
[Result "1/2-1/2"]
[WhiteElo "1976"]
[BlackElo "2016"]
[PlyCount "89"]
[EventDate "2008.??.??"]
[WhiteTeam "Heilbronner SV"]
[BlackTeam "SF Brackel 1930"]

1. Nf3 c5 2. d4 e6 3. c3 d5 4. Bf4 Nc6 5. e3 Nf6 6. Bb5 Qb6 7. Qb3 Bd7 8. O-O
Be7 9. Bxc6 bxc6 10. Nbd2 Nh5 11. Bg3 Nxg3 12. hxg3 f6 13. e4 O-O 14. Rfe1 Qxb3
15. axb3 a5 16. exd5 cxd5 17. Ra2 cxd4 18. Nxd4 e5 19. Nc2 Ra7 20. Rea1 Rfa8
21. Ne3 Be6 22. Nc2 Bd8 23. Ra3 Bb6 24. Ne3 Bc5 25. Ra4 Bd7 26. R4a2 Bxe3 27.
fxe3 a4 28. bxa4 Rxa4 29. Rxa4 Rxa4 30. Rxa4 Bxa4 31. e4 d4 32. cxd4 exd4 33.
b4 Kf7 34. Nf3 Bc2 35. Nxd4 Bxe4 36. Kf2 Ke7 37. Ke3 Bxg2 38. Nf5+ Kf7 39. Kf4
g5+ 40. Ke3 Ke6 41. Ng7+ Kd5 42. Nh5 Ke5 43. b5 f5 44. b6 h6 45. Ng7 1/2-1/2

[Event "DVM 2008 U20"]
[Site "Arendsee"]
[Date "2008.12.28"]
[Round "4.4"]
[White "Luft, Dennis"]
[Black "Weißbeck, Simon"]
[Result "0-1"]
[WhiteElo "1984"]
[BlackElo "1847"]
[PlyCount "78"]
[EventDate "2008.??.??"]
[WhiteTeam "SF Brackel 1930"]
[BlackTeam "Heilbronner SV"]

1. e4 e6 2. d4 d5 3. Nd2 Nf6 4. e5 Nfd7 5. c3 c5 6. f4 Nc6 7. Ndf3 Qb6 8. g3
cxd4 9. cxd4 Bb4+ 10. Kf2 a6 11. Kg2 Qc7 12. Bd3 Nb6 13. Qe2 Bd7 14. a3 Be7 15.
Bd2 Rc8 16. b3 Na8 17. b4 b5 18. g4 g6 19. f5 gxf5 20. gxf5 exf5 21. Nh3 Nb6
22. Nf4 Be6 23. Nxe6 fxe6 24. Rhg1 Kd7 25. Kh1 Rcg8 26. Bf4 Kd8 27. Bg5 Bxg5
28. Nxg5 Qe7 29. Qh5 Rg6 30. Qh4 Kd7 31. Qf4 Rf8 32. Nf3 Rfg8 33. Nh4 Rg4 34.
Qf2 Rxg1+ 35. Rxg1 Rxg1+ 36. Kxg1 Qg5+ 37. Ng2 Nc4 38. Bxc4 bxc4 39. b5 Qc1+
0-1

[Event "DVM 2008 U20"]
[Site "Arendsee"]
[Date "2008.12.28"]
[Round "4.5"]
[White "Huynh, Nhi Lang"]
[Black "Strathoff, Martin"]
[Result "0-1"]
[WhiteElo "1692"]
[BlackElo "1922"]
[PlyCount "110"]
[EventDate "2008.??.??"]
[WhiteTeam "Heilbronner SV"]
[BlackTeam "SF Brackel 1930"]

1. d4 d5 2. c4 e6 3. Nf3 Nf6 4. Nc3 Be7 5. Bf4 c6 6. Qc2 O-O 7. e3 Nbd7 8. a3
a6 9. h3 dxc4 10. Bxc4 b5 11. Bd3 c5 12. dxc5 Nxc5 13. Be2 Bb7 14. O-O Rc8 15.
Rfd1 Qb6 16. Ne5 Nce4 17. Bf3 Nxc3 18. Bxb7 Qxb7 19. bxc3 Nd5 20. Qe4 Qc7 21.
Ng6 Nxf4 22. Nxf8 Bxf8 23. exf4 Qxc3 24. Qb7 Rc6 25. Rab1 Qc2 26. Kh2 Qe4 27.
Qb8 h6 28. Rb4 Qc2 29. Rd8 Qc5 30. Rbd4 Kh7 31. R4d7 Be7 32. Rh8+ Kg6 33. Qb7
Qc1 34. Rd1 Qxd1 35. Qxc6 Bd6 36. g3 Bxa3 37. g4 Bd6 38. Ra8 Bxf4+ 39. Kg2 b4
40. Rxa6 b3 41. Qb7 b2 42. Rb6 Be5 43. Rb5 Bd4 44. Rxb2 Bxb2 45. Qxb2 Qd5+ 46.
f3 Qd3 47. Qe5 Qd2+ 48. Kg3 Qd5 49. Qf4 f5 50. h4 Kf6 51. g5+ Kg6 52. gxh6 gxh6
53. Qb8 Qd7 54. Kh3 Qe7 55. Qf4 Qf6 {nicht leserlich} 0-1

[Event "DVM 2008 U20"]
[Site "Arendsee"]
[Date "2008.12.28"]
[Round "4.6"]
[White "Klobuschinski, Lukas"]
[Black "Wang, Julia"]
[Result "1-0"]
[WhiteElo "1854"]
[BlackElo "1474"]
[PlyCount "87"]
[EventDate "2008.??.??"]
[WhiteTeam "SF Brackel 1930"]
[BlackTeam "Heilbronner SV"]

1. e4 c6 2. d4 d5 3. exd5 cxd5 4. Nf3 Nc6 5. Bd3 Nf6 6. O-O Bg4 7. c3 e6 8. Bg5
Be7 9. Nbd2 O-O 10. Re1 a6 11. Bb1 h6 12. Bh4 b5 13. h3 Bf5 14. Bxf5 exf5 15.
Ne5 Rc8 16. Bxf6 Bxf6 17. Qf3 Bxe5 18. dxe5 d4 19. Nb3 dxc3 20. Qxc3 b4 21. Qc5
Qg5 22. e6 Qf6 23. Qc4 Ne5 24. Qd4 Ng6 25. Qxf6 gxf6 26. Nd4 fxe6 27. Rxe6 Rc5
28. Rxa6 Rd5 29. Nc6 f4 30. Nxb4 Rg5 31. Kh2 f3 32. Rg1 Nh4 33. g3 Nf5 34. Nd5
Rg6 35. g4 Nd4 36. Ne7+ Kf7 37. Nxg6 Kxg6 38. Rd1 Ne2 39. Rd3 h5 40. gxh5+ Kxh5
41. Rxf3 Kg5 42. Ra4 f5 43. Re3 Nf4 44. Rg3+ 1-0

[Event "DVM 2008 U20"]
[Site "Arendsee"]
[Date "2008.12.28"]
[Round "4.1"]
[White "Eidner, Falk"]
[Black "Siebarth, Raiko"]
[Result "0-1"]
[WhiteElo "1993"]
[BlackElo "2267"]
[PlyCount "78"]
[EventDate "2008.??.??"]
[WhiteTeam "USG Chemnitz"]
[BlackTeam "SG Blau-Weiß Stadtilm"]

1. e4 c5 2. Nf3 d6 3. d4 cxd4 4. Nxd4 Nf6 5. Nc3 a6 6. Be3 e5 7. Nb3 Be7 8. f3
Be6 9. Qd2 O-O 10. O-O-O Qc7 11. g4 Nbd7 12. g5 Nh5 13. Kb1 Rfc8 14. Rg1 a5 15.
Nd5 Bxd5 16. exd5 a4 17. Nc1 Nb6 18. Rg4 Nf4 19. Bxb6 Qxb6 20. Ne2 f5 21. Rg3
Rc4 22. Nxf4 Rxf4 23. Qc3 Qd8 24. g6 h6 25. Rg1 Rc8 26. Qe3 Bg5 27. Qe2 a3 28.
Qb5 Qc7 29. c4 Rxf3 30. b3 Rf2 31. Rg2 Rxg2 32. Bxg2 Qe7 33. Rf1 Rf8 34. Bh3
Bf4 35. Qb4 Qf6 36. Qxa3 Qxg6 37. Qb2 Be3 38. Qe2 f4+ 39. Kb2 e4 {ZUe} 0-1

[Event "DVM 2008 U20"]
[Site "Arendsee"]
[Date "2008.12.28"]
[Round "4.2"]
[White "Schneider, Christian"]
[Black "Rosenblatt, Marcus"]
[Result "1-0"]
[WhiteElo "2088"]
[BlackElo "1936"]
[PlyCount "51"]
[EventDate "2008.??.??"]
[WhiteTeam "SG Blau-Weiß Stadtilm"]
[BlackTeam "USG Chemnitz"]

1. Nc3 c5 2. e4 e6 3. f4 Nc6 4. Nf3 d6 5. Bc4 a6 6. a4 g6 7. O-O Bg7 8. d3 Nge7
9. Qe1 O-O 10. f5 exf5 11. Qh4 d5 12. exd5 Ne5 13. Bg5 Re8 14. Rae1 Qd6 15.
Nxe5 Bxe5 16. Rxe5 Qxe5 17. Re1 Qd4+ 18. Qxd4 cxd4 19. Na2 Bd7 20. Rxe7 Rxe7
21. Bxe7 Bxa4 22. d6 Bd7 23. Nb4 Bc6 24. Nd5 Kg7 25. Nf6 b5 26. Bd5 1-0

[Event "DVM 2008 U20"]
[Site "Arendsee"]
[Date "2008.12.28"]
[Round "4.3"]
[White "Oertel, Thomas"]
[Black "Wolff, Christoph"]
[Result "1/2-1/2"]
[WhiteElo "1864"]
[BlackElo "1718"]
[PlyCount "28"]
[EventDate "2008.??.??"]
[WhiteTeam "USG Chemnitz"]
[BlackTeam "SG Blau-Weiß Stadtilm"]

1. e4 c5 2. Nf3 d6 3. c4 e5 4. Nc3 f5 5. d3 Nf6 6. a3 Nc6 7. Nd5 Nxd5 8. cxd5
Nd4 9. b4 b6 10. Bb2 Be7 11. Be2 O-O 12. O-O Kh8 13. Nxd4 cxd4 14. f4 Bd7
1/2-1/2

[Event "DVM 2008 U20"]
[Site "Arendsee"]
[Date "2008.12.28"]
[Round "4.4"]
[White "Hoffmann, Lena"]
[Black "Leschner, Marius"]
[Result "1-0"]
[WhiteElo "1635"]
[BlackElo "1884"]
[PlyCount "73"]
[EventDate "2008.??.??"]
[WhiteTeam "SG Blau-Weiß Stadtilm"]
[BlackTeam "USG Chemnitz"]

1. b3 d5 2. Bb2 c5 3. e3 Nc6 4. Ne2 e5 5. d3 Bd6 6. g3 Nf6 7. Bg2 O-O 8. Nd2
Qc7 9. O-O b6 10. h3 Bb7 11. f4 Rfe8 12. fxe5 Bxe5 13. Bxe5 Rxe5 14. e4 dxe4
15. Nxe4 Nxe4 16. Bxe4 Rae8 17. g4 Qd7 18. c3 Ne7 19. Ng3 Bxe4 20. Nxe4 Ng6 21.
Qc2 Rd5 22. Rad1 Rd8 23. Rf3 Ne5 24. Rf5 Qe7 25. d4 f6 26. g5 Qe6 27. Rdf1 cxd4
28. cxd4 Rxd4 29. gxf6 Nf3+ 30. R5xf3 Rxe4 31. Qc7 Qd7 32. Qc2 Qd4+ 33. Kh1 Qe5
34. fxg7 Qd5 35. Rf8+ Kxg7 36. Qg2+ Kh6 37. R1f6+ 1-0

[Event "DVM 2008 U20"]
[Site "Arendsee"]
[Date "2008.12.28"]
[Round "4.5"]
[White "Klebanov, Andrej"]
[Black "Kinzel, Tiffany"]
[Result "0-1"]
[WhiteElo "1863"]
[BlackElo "1684"]
[PlyCount "48"]
[EventDate "2008.??.??"]
[WhiteTeam "USG Chemnitz"]
[BlackTeam "SG Blau-Weiß Stadtilm"]

1. d4 d5 2. c4 e6 3. Nc3 Nf6 4. Bg5 Nbd7 5. e3 Be7 6. Nf3 a6 7. a4 b6 8. Bd3
O-O 9. O-O Re8 10. cxd5 exd5 11. Rc1 Bb7 12. Qc2 g6 13. Bf4 Rc8 14. Qe2 Nb8 15.
Ne5 c5 16. b3 Bd6 17. Rfe1 Nh5 18. g3 cxd4 19. exd4 Nxf4 20. gxf4 f6 21. Qg4
fxe5 22. Bxg6 Re7 23. Bxh7+ Kxh7 24. Re3 Rg7 0-1

[Event "DVM 2008 U20"]
[Site "Arendsee"]
[Date "2008.12.28"]
[Round "4.6"]
[White "Schröter, Maik"]
[Black "Kabitzke, Julian"]
[Result "0-1"]
[WhiteElo "1548"]
[BlackElo "1850"]
[PlyCount "92"]
[EventDate "2008.??.??"]
[WhiteTeam "SG Blau-Weiß Stadtilm"]
[BlackTeam "USG Chemnitz"]

1. e4 c5 2. Nf3 d6 3. d4 cxd4 4. Nxd4 Nf6 5. Nc3 a6 6. f3 e5 7. Nb3 Be6 8. Be3
Nbd7 9. Qd2 Be7 10. O-O-O b5 11. Kb1 O-O 12. g4 b4 13. Nd5 Bxd5 14. exd5 Nb6
15. Na5 Nbxd5 16. Nc6 Qc7 17. Nxe7+ Qxe7 18. g5 Nxe3 19. gxf6 Nxf1 20. Rhxf1
Qxf6 21. Qxb4 Rfd8 22. Rf2 d5 23. Rff1 d4 24. Qb7 Rab8 25. Qe4 Qb6 26. b3 Qc7
27. Rg1 a5 28. Qh4 a4 29. Rxg7+ Kxg7 30. Rg1+ Kf8 31. Qh6+ Ke7 32. Rg7 Rf8 33.
Qg5+ Kd7 34. Qf6 Kc8 35. Qa6+ Kd8 36. Qf6+ Qe7 37. Qc6 axb3 38. Qd5+ Qd7 39.
Qa5+ Qc7 40. Qd5+ Ke7 41. axb3 Rbc8 42. c3 dxc3 43. Rg5 c2+ 44. Kc1 Rfe8 45.
Rf5 Kf8 46. Qd2 Qb6 0-1

[Event "DVM 2008 U20"]
[Site "Arendsee"]
[Date "2008.12.28"]
[Round "4.1"]
[White "Bäumler, Ilja"]
[Black "Högy, Kevin"]
[Result "1-0"]
[WhiteElo "2192"]
[BlackElo "1972"]
[PlyCount "63"]
[EventDate "2008.??.??"]
[WhiteTeam "SK Nordhorn-Blanke"]
[BlackTeam "Sfr.Neuberg"]

1. e4 g6 2. d4 Bg7 3. Nc3 d6 4. f4 a6 5. Nf3 b5 6. Bd3 Nd7 7. Ne2 c5 8. c3 Bb7
9. O-O Ngf6 10. Ng3 O-O 11. e5 Nd5 12. Kh1 cxd4 13. cxd4 Qb6 14. Qe2 e6 15. Ne4
dxe5 16. fxe5 Rac8 17. Bd2 Rc6 18. Rad1 Qc7 19. Nd6 Rxd6 20. exd6 Qxd6 21. Qf2
e5 22. dxe5 Nxe5 23. Be4 Ng4 24. Qa7 f5 25. Qxb7 fxe4 26. Bb4 Qxb4 27. Qxd5+
Kh8 28. Ng5 Rxf1+ 29. Rxf1 Nf2+ 30. Kg1 Bd4 31. Qd8+ Kg7 32. Qxd4+ 1-0

[Event "DVM 2008 U20"]
[Site "Arendsee"]
[Date "2008.12.28"]
[Round "4.2"]
[White "Knickel, Aaron"]
[Black "Baisakow, Alexander"]
[Result "1/2-1/2"]
[WhiteElo "2085"]
[BlackElo "2107"]
[PlyCount "117"]
[EventDate "2008.??.??"]
[WhiteTeam "Sfr.Neuberg"]
[BlackTeam "SK Nordhorn-Blanke"]

1. g3 g6 2. Bg2 Bg7 3. e4 d6 4. d3 c6 5. f4 Nh6 6. Nf3 O-O 7. c3 e5 8. O-O exf4
9. gxf4 Nd7 10. Kh1 Qa5 11. Nbd2 Qh5 12. Qe2 f5 13. Nc4 d5 14. exd5 Nf6 15.
dxc6 Nhg4 16. Re1 bxc6 17. Nce5 Re8 18. Kg1 Ba6 19. h3 Rad8 20. c4 Nxe5 21.
fxe5 Nd7 22. Bf4 Nc5 23. d4 Ne6 24. Be3 Bh6 25. b3 Nf4 26. Qf1 Bc8 27. Bxf4
Bxf4 28. Rad1 g5 29. Nh2 Bg3 30. Bxc6 Bxe1 31. Qxe1 Re7 32. Bd5+ Kh8 33. Rd3 g4
34. hxg4 fxg4 35. Qf2 Bf5 36. Rg3 Qg6 37. Nxg4 Rg7 38. Qf4 h5 39. Qh6+ Qxh6 40.
Nxh6 Rxg3+ 41. Kh2 Rxd5 42. Kxg3 h4+ 43. Kh2 Rxd4 44. Nxf5 Re4 45. Nd6 Re2+ 46.
Kh3 Kg8 47. Kxh4 Rxe5 48. Kg4 Re2 49. Kf5 Kf8 50. Ne4 Ke7 51. Ke5 Rxa2 52. Kd4
Kd7 53. b4 Kc6 54. Kc3 Re2 55. Nd2 Re3+ 56. Kd4 Rh3 57. Ne4 Rh4 58. Ke5 Rh5+
59. Kd4 1/2-1/2

[Event "DVM 2008 U20"]
[Site "Arendsee"]
[Date "2008.12.28"]
[Round "4.3"]
[White "Sanning, Nico"]
[Black "Seifert, Christopher"]
[Result "1-0"]
[WhiteElo "1957"]
[BlackElo "2133"]
[PlyCount "71"]
[EventDate "2008.??.??"]
[WhiteTeam "SK Nordhorn-Blanke"]
[BlackTeam "Sfr.Neuberg"]

1. e4 g6 2. d4 Bg7 3. Nc3 d6 4. Be3 Nf6 5. f3 a6 6. Qd2 h5 7. a4 Nbd7 8. Nh3 c5
9. Ng5 Rb8 10. Bc4 O-O 11. h3 Qc7 12. d5 Ne5 13. Be2 Nh7 14. Nxh7 Kxh7 15. f4
Nd7 16. g4 Rh8 17. gxh5 gxh5 18. Bxh5 Kg8 19. Bf3 b5 20. axb5 axb5 21. Qg2 Kf8
22. Rg1 Bf6 23. Nd1 Nb6 24. Bg4 Nc4 25. Bc1 Bd4 26. Rf1 Qb6 27. e5 Bxg4 28.
hxg4 b4 29. Qe2 Qb5 30. c3 bxc3 31. bxc3 Bxc3+ 32. Nxc3 Qb4 33. Qd3 Rh2 34. Rb1
Nb2 35. Rxb2 Rxb2 36. Rh1 1-0

[Event "DVM 2008 U20"]
[Site "Arendsee"]
[Date "2008.12.28"]
[Round "4.4"]
[White "Hummel, Dennis"]
[Black "van Akkeren, Arno"]
[Result "1-0"]
[WhiteElo "1814"]
[BlackElo "1864"]
[PlyCount "81"]
[EventDate "2008.??.??"]
[WhiteTeam "Sfr.Neuberg"]
[BlackTeam "SK Nordhorn-Blanke"]

1. e4 e5 2. Nf3 Nc6 3. Bb5 a6 4. Ba4 Nge7 5. O-O g6 6. c3 Bg7 7. Re1 O-O 8. d4
exd4 9. cxd4 d5 10. exd5 Qxd5 11. Nc3 Qh5 12. h3 Be6 13. Bg5 h6 14. Bxe7 Nxe7
15. Bb3 Nd5 16. Ne5 Qxd1 17. Raxd1 Nxc3 18. bxc3 Bxb3 19. axb3 Rad8 20. Nd3 b6
21. b4 Rd5 22. Ra1 c5 23. bxc5 bxc5 24. Ra5 Rc8 25. Rxc5 Rdxc5 26. Nxc5 Bf8 27.
Na4 Rc4 28. Ra1 f5 29. Kf1 Kf7 30. Ke2 Rc6 31. Kd3 Ke8 32. c4 Bg7 33. c5 Rc8
34. Kc4 Kf7 35. Nb6 Rd8 36. Rd1 Re8 37. Rd2 Re1 38. Kd5 Rb1 39. c6 Rxb6 40. c7
Rb5+ 41. Kc6 1-0

[Event "DVM 2008 U20"]
[Site "Arendsee"]
[Date "2008.12.28"]
[Round "4.5"]
[White "Kleinschmidt, Rene"]
[Black "Iwanziw, Niklas"]
[Result "1-0"]
[WhiteElo "1916"]
[BlackElo "1772"]
[PlyCount "93"]
[EventDate "2008.??.??"]
[WhiteTeam "SK Nordhorn-Blanke"]
[BlackTeam "Sfr.Neuberg"]

1. e4 c5 2. c3 Nf6 3. e5 Nd5 4. d4 cxd4 5. Nf3 Nc6 6. cxd4 d6 7. Bc4 Nb6 8. Bb3
e6 9. O-O Be7 10. Nc3 O-O 11. Be3 Nb4 12. exd6 Bxd6 13. Ne4 Be7 14. a3 N4d5 15.
Bc1 Nf6 16. Qd3 Nbd5 17. Nfg5 Nxe4 18. Nxe4 Nf6 19. Bc2 g6 20. Bf4 b6 21. Qf3
Ba6 22. Rfd1 Rc8 23. Bb3 Nd5 24. Be5 Bc4 25. Bxc4 Rxc4 26. Rac1 Qc8 27. Rxc4
Qxc4 28. Bd6 Rd8 29. Bxe7 Nxe7 30. Qc3 Qb5 31. Qc7 Nc6 32. Nd6 Qa4 33. Rc1 Rxd6
34. Qxd6 Nxd4 35. Qe5 Qd7 36. h3 Nc6 37. Qc3 Ne7 38. Qc7 Qd2 39. Qc3 Qf4 40. g3
Qg5 41. h4 Qd5 42. Qf6 Nc6 43. Qf4 Ne5 44. Rc3 Kg7 45. Re3 Nd3 46. Qc7 h5 47.
Qc3+ 1-0

[Event "DVM 2008 U20"]
[Site "Arendsee"]
[Date "2008.12.28"]
[Round "4.6"]
[White "Gatterdam, Maximilian"]
[Black "Rickling, Renee"]
[Result "1-0"]
[WhiteElo "1548"]
[BlackElo "1700"]
[PlyCount "73"]
[EventDate "2008.??.??"]
[WhiteTeam "Sfr.Neuberg"]
[BlackTeam "SK Nordhorn-Blanke"]

1. d4 d5 2. c4 e6 3. cxd5 exd5 4. Nc3 Bf5 5. Qb3 Bc8 6. Qxd5 Qxd5 7. Nxd5 Bd6
8. Nf3 c6 9. Nc3 Bf5 10. Bg5 f6 11. Bh4 Na6 12. e4 Bg4 13. Bxa6 bxa6 14. Nd2
Rb8 15. Nc4 Bc7 16. b3 Ne7 17. O-O Rd8 18. f3 Be6 19. Bf2 Nc8 20. Rfd1 h5 21.
d5 cxd5 22. exd5 Bf7 23. Re1+ Kf8 24. Rad1 Nd6 25. Bxa7 Nxc4 26. bxc4 Ba5 27.
Re3 Rd7 28. Bd4 Kg8 29. Ne4 Rc7 30. Ra3 Bb4 31. Rxa6 Rxc4 32. Be3 Kh7 33. Nd6
Bxd6 34. Rxd6 Rc2 35. Rd7 Bxd5 36. R1xd5 Rxa2 37. Rxh5+ 1-0

[Event "DVM 2008 U20"]
[Site "Arendsee"]
[Date "2008.12.28"]
[Round "4.1"]
[White "Paul, Johannes"]
[Black "Wittenberg, Andreas"]
[Result "0-1"]
[WhiteElo "2038"]
[BlackElo "2011"]
[PlyCount "120"]
[EventDate "2008.??.??"]
[WhiteTeam "SG AE Magdeburg"]
[BlackTeam "SV Mülheim-Nord 1931"]

1. c4 e6 2. Nf3 d5 3. g3 Nf6 4. Bg2 Be7 5. O-O O-O 6. d4 Nbd7 7. Qc2 c6 8. b3
b5 9. Bb2 bxc4 10. bxc4 Ba6 11. Nbd2 Qa5 12. Bc3 Qa3 13. Ne5 Nxe5 14. dxe5 Nd7
15. Rfc1 Nb6 16. Bb2 Qa4 17. cxd5 cxd5 18. e4 Bb4 19. Nb3 Rac8 20. Qd1 Nc4 21.
Bd4 dxe4 22. Bxe4 Rfd8 23. Qh5 g6 24. Qf3 Nd2 25. Nxd2 Rxc1+ 26. Rxc1 Bxd2 27.
Rc7 Bf4 28. Kg2 Qxd4 29. Qxf4 Rd7 30. Rxd7 Qxd7 31. h4 Qd1 32. Qe3 Bf1+ 33. Kh2
a5 34. a3 h5 35. Bc6 Bc4 36. Qf3 Qd8 37. Qf6 Qc7 38. Be4 Bb3 39. g4 hxg4 40. h5
gxh5 41. Qg5+ Kf8 42. Qxh5 Bd5 43. Qh8+ Ke7 44. Qf6+ Ke8 45. Bxd5 exd5 46. Kg3
d4 47. Qh8+ Kd7 48. Qh5 Qc4 49. Qxg4+ Kc6 50. Qc8+ Kd5 51. Qd8+ Ke4 52. f3+ Kd3
53. Qxa5 Kc2 54. Kf2 d3 55. Ke1 Qh4+ 56. Kf1 Qd4 57. Qc7+ Qc3 58. Qxf7 d2 59.
Qa2+ Kc1 60. Ke2 d1=Q+ 0-1

[Event "DVM 2008 U20"]
[Site "Arendsee"]
[Date "2008.12.28"]
[Round "4.2"]
[White "Bömelburg, Raphael"]
[Black "Brüggemann, Florian"]
[Result "1-0"]
[WhiteElo "1910"]
[BlackElo "1960"]
[PlyCount "37"]
[EventDate "2008.??.??"]
[WhiteTeam "SV Mülheim-Nord 1931"]
[BlackTeam "SG AE Magdeburg"]

1. e4 g6 2. d4 d6 3. Nc3 Bg7 4. Be3 Nf6 5. f3 O-O 6. Qd2 c6 7. Bh6 e5 8. Bxg7
Kxg7 9. O-O-O Qa5 10. g4 b5 11. h4 b4 12. Nb1 Ba6 13. Bxa6 Nxa6 14. h5 Rad8 15.
Ne2 c5 16. Ng3 Ng8 17. Nf5+ Kf6 18. dxe5+ dxe5 19. g5+ 1-0

[Event "DVM 2008 U20"]
[Site "Arendsee"]
[Date "2008.12.28"]
[Round "4.3"]
[White "Schulz, Marcel"]
[Black "Kelm, Marcel"]
[Result "1-0"]
[WhiteElo "1840"]
[BlackElo "1850"]
[PlyCount "41"]
[EventDate "2008.??.??"]
[WhiteTeam "SG AE Magdeburg"]
[BlackTeam "SV Mülheim-Nord 1931"]

1. e4 c5 2. Nf3 e6 3. d3 Nc6 4. g3 b6 5. Bg2 Bb7 6. O-O Qc7 7. Nbd2 Be7 8. Re1
d6 9. c3 Nf6 10. Nf1 Ne5 11. h3 Ng6 12. N3h2 Rc8 13. Ne3 d5 14. exd5 Nxd5 15.
Nxd5 Bxd5 16. Bxd5 exd5 17. Qf3 Qd6 18. h4 h5 19. Bg5 f6 20. Qf5 Ne5 21. Qxc8+
1-0

[Event "DVM 2008 U20"]
[Site "Arendsee"]
[Date "2008.12.28"]
[Round "4.4"]
[White "Richters, Marc"]
[Black "Nieber, Alexander"]
[Result "1-0"]
[WhiteElo "1766"]
[BlackElo "1796"]
[PlyCount "139"]
[EventDate "2008.??.??"]
[WhiteTeam "SV Mülheim-Nord 1931"]
[BlackTeam "SG AE Magdeburg"]

1. e4 c5 2. Nf3 e6 3. d4 cxd4 4. Nxd4 a6 5. Nc3 Qc7 6. Bd3 Nc6 7. Be3 Nf6 8.
O-O Bb4 9. f4 Bxc3 10. bxc3 d6 11. Kh1 O-O 12. a4 Na5 13. Qe2 Qxc3 14. e5 dxe5
15. fxe5 Nd5 16. Bg1 Nc6 17. Qe4 g6 18. Nxc6 Qxc6 19. Qh4 Qc7 20. Rf3 Qe7 21.
Qh6 f5 22. exf6 Rxf6 23. Rxf6 Qxf6 24. Rf1 Qg7 25. Qg5 Bd7 26. Bc5 Re8 27. c4
Ne7 28. Bd6 Nf5 29. Bc5 Qh6 30. Qxh6 Nxh6 31. Be4 Bc6 32. Bxc6 bxc6 33. h3 Nf5
34. Kh2 e5 35. g4 Nd4 36. Rb1 Nf3+ 37. Kg2 e4 38. Rb6 Nd2 39. Rxc6 e3 40. Bb4
Re4 41. Rxa6 Nxc4 42. Be1 Na3 43. Kf3 Re8 44. Rc6 Ra8 45. a5 Nb5 46. Kxe3 Re8+
47. Kf2 Re4 48. Rc8+ Kf7 49. Rb8 Nd6 50. Rb4 Re6 51. Rb6 Rf6+ 52. Kg2 Nc4 53.
Rxf6+ Kxf6 54. a6 Nb6 55. Bd2 h5 56. g5+ Kf5 57. Kf3 Na8 58. Ba5 Kxg5 59. Bd8+
Kf5 60. h4 Ke5 61. Ba5 Kf5 62. Bd8 Ke5 63. Ke3 Kf5 64. Kd4 Ke6 65. Kc5 Kd7 66.
Ba5 Kc8 67. Kd6 Kb8 68. Ke7 Ka7 69. Kf7 Kxa6 70. Bd8 1-0

[Event "DVM 2008 U20"]
[Site "Arendsee"]
[Date "2008.12.28"]
[Round "4.5"]
[White "Reichel, Matti"]
[Black "Messing, Simon"]
[Result "1-0"]
[WhiteElo "1767"]
[BlackElo "1642"]
[PlyCount "61"]
[EventDate "2008.??.??"]
[WhiteTeam "SG AE Magdeburg"]
[BlackTeam "SV Mülheim-Nord 1931"]

1. e4 e6 2. d4 d5 3. Nc3 Bb4 4. e5 c5 5. a3 Bxc3+ 6. bxc3 Qc7 7. Nf3 Ne7 8. Bd3
Nbc6 9. O-O Bd7 10. Be3 c4 11. Be2 Nf5 12. Bd2 O-O 13. g4 Nfe7 14. Nh4 f5 15.
exf6 Rxf6 16. f4 Be8 17. Qe1 Bg6 18. Rc1 a6 19. Qg3 Na7 20. Qe3 Be4 21. Bf3
Bxf3 22. Rxf3 Nb5 23. g5 Rf7 24. Qxe6 Nd6 25. f5 Qc6 26. g6 hxg6 27. fxg6 Nxg6
28. Rxf7 Nxf7 29. Qxc6 bxc6 30. Nxg6 Nd8 31. Rf1 1-0